|
|
|
|
| LEADER |
00000nam a2200000 a 4500 |
| 001 |
vtls001305724 |
| 003 |
SK-MaSNL |
| 005 |
20260224152142.0 |
| 008 |
210928s1984 DE 0 ger |
| 035 |
|
|
|a SNK000257960
|
| 040 |
|
|
|a SNK
|b slo
|c SNK
|e AACR2
|
| 044 |
|
|
|a DE
|
| 245 |
1 |
|
|a Bibliothekarisch - Bibliographische Klassifikation. Adaptierte Fassung
|b systematischer teil
|n bd. 3/7
|p 46 Land- und Forstwirtschaft Veterinärmedizin
|
| 260 |
|
|
|a Berlin
|b Methodisches Zentrum für wissenschaftliche Bibliotheken und Informations - Dokumentationseinrichtung en d. Min. für Hoch - Fachschulwesen
|c 1984
|
| 300 |
|
|
|a 48 s.
|c 8°
|
| 958 |
|
|
|a OND
|
| 999 |
|
|
|c 1059244
|d 1061174
|
| 952 |
|
|
|t P60, <04>, [BOOK], {604}
|a SNK
|b SNK
|y VYP
|7 0
|o snkIC 95420/3/7
|i snkV 2613/88
|0 0
|1 0
|4 0
|d 1997-10-08
|l 0
|r 2005-01-02 00:00:00
|w 2026-02-24
|